| Tag |
First Indicator |
Second Indicator |
Subfields |
| LEADER |
00000cam a2200000Ka 4500 |
| 001 |
in00001826310 |
| 005 |
20211202201623.0 |
| 006 |
m d f |
| 008 |
040423s2003 mdu s f000 0 eng d |
| 035 |
|
|
|a (OCoLC)ocm55012049
|
| 040 |
|
|
|a GPO
|c GPO
|d MvI
|d UtOrBLW
|
| 049 |
|
|
|a WWW
|
| 074 |
|
|
|a 0491-B-31 (online)
|
| 086 |
0 |
|
|a HE 20.6524:69
|
| 245 |
0 |
0 |
|a Management of bronchiolitis in infants and children /
|c prepared for Agency for Healthcare Research and Quality, U.S. Department of Health and Human Services, Public Health Service ; prepared by RTI International-University of North Carolina Evidence-based Practice Center ; Merra Viswanathan [and others].
|
| 264 |
|
1 |
|a [Rockville, Md.] :
|b [U.S. Dept. of Health and Human Services, Public Health Service, Agency for Healthcare Research and Quality],
|c [2003]
|
| 336 |
|
|
|a text
|b txt
|2 rdacontent
|
| 337 |
|
|
|a computer
|b c
|2 rdamedia
|
| 338 |
|
|
|a unspecified
|b zu
|2 rdacarrier
|
| 490 |
1 |
|
|a AHRQ publication ;
|v no. 03-E 014
|
| 490 |
1 |
|
|a Evidence report/technology assessment ;
|v no. 69
|
| 538 |
|
|
|a System requirements: ZIP decompression software; MS Word software.
|
| 538 |
|
|
|a Mode of access: Internet from the AHRQ web site. Address as of 4/23/04: http://www.ahrq.gov/downloads/pub/evidence/bronch.zip; current access available via PURL.
|
| 500 |
|
|
|a Title from title screen (viewed on Apr. 23, 2004).
|
| 500 |
|
|
|a Electronic resource.
|
| 650 |
|
0 |
|a Bronchitis in children.
|
| 650 |
|
0 |
|a Infants
|x Diseases
|x Treatment.
|
| 650 |
|
0 |
|a Bronchitis
|x Patients
|x Rehabilitation.
|
| 650 |
|
0 |
|a Lungs
|x Diseases, Obstructive.
|
| 776 |
1 |
|
|t Management of bronchiolitis in infants and children
|h x, 323 p.
|w (DLC) 2003426186
|w (OCoLC)52895309
|
| 700 |
1 |
|
|a Viswanathan, Meera.
|
| 710 |
2 |
|
|a RTI International-University of North Carolina Evidence-based Practice Center.
|
| 710 |
1 |
|
|a United States.
|b Agency for Healthcare Research and Quality.
|
| 830 |
|
0 |
|a AHRQ publication ;
|v no. 03-E 014.
|
| 830 |
|
0 |
|a Evidence report/technology assessment ;
|v no. 69.
|
| 856 |
4 |
0 |
|u https://purl.fdlp.gov/GPO/LPS47115
|t 0
|
| 999 |
|
|
|a MARS
|
| 999 |
f |
f |
|s 411f577d-6304-3a44-96e9-1f893eee2c98
|i 89abe20f-f186-3df0-88fd-8ce9f9264deb
|t 0
|
| 952 |
f |
f |
|a Texas A&M University
|b College Station
|c Electronic Resources
|d Available Online
|t 0
|e HE 20.6524:69
|h Superintendent of Documents classification
|
| 998 |
f |
f |
|a HE 20.6524:69
|t 0
|l Available Online
|